Semantics / (Record no. 567)

000 -LEADER
fixed length control field 01620cam a22003254a 4500
001 - CONTROL NUMBER
control field 16667594
003 - CONTROL NUMBER IDENTIFIER
control field OSt
005 - DATE AND TIME OF LATEST TRANSACTION
control field 20140116120831.0
008 - FIXED-LENGTH DATA ELEMENTS--GENERAL INFORMATION
fixed length control field 110225s2011 nyu 001 0 eng
010 ## - LIBRARY OF CONGRESS CONTROL NUMBER
LC control number 2011008064
020 ## - INTERNATIONAL STANDARD BOOK NUMBER
International Standard Book Number 9780230232303
040 ## - CATALOGING SOURCE
Transcribing agency DLC
042 ## - AUTHENTICATION CODE
Authentication code pcc
050 00 - LIBRARY OF CONGRESS CALL NUMBER
Classification number P325.K34 2011
100 1# - MAIN ENTRY--PERSONAL NAME
Personal name Kearns, Kate.
245 10 - TITLE STATEMENT
Title Semantics /
Statement of responsibility, etc Kate Kearns.
250 ## - EDITION STATEMENT
Edition statement 2nd ed.
260 ## - PUBLICATION, DISTRIBUTION, ETC. (IMPRINT)
Place of publication, distribution, etc New York :
Name of publisher, distributor, etc Palgrave Macmillan,
Date of publication, distribution, etc 2011.
300 ## - PHYSICAL DESCRIPTION
Extent xiii, 269 p.
440 ## - SERIES STATEMENT/ADDED ENTRY--TITLE
Title Modern linguistic series
500 ## - GENERAL NOTE
General note Includes index.
505 8# - FORMATTED CONTENTS NOTE
Formatted contents note Machine generated contents note: -- Introduction -- First Order Logic -- The Logical Quantifiers -- Formal Composition -- Modality and Possible Worlds -- Generalized Quantifiers -- Referencial Opacity -- Aktionsarten: Aspectual Classes of Events -- Tense and Aspect -- Thematic Roles and Lexical Conceptual Structure -- Events -- Bibliography -- Index.
520 ## - SUMMARY, ETC.
Summary, etc "This introductory textbook assumes no prior knowledge and covers a wide range of core topics in formal semantics. Now thoroughly updated, the second edition features new chapters on semantic composition, type theory and the lambda calculus, as well as a revised discussion of Pragmatics and a variety of new exercises"--
650 #0 - SUBJECT ADDED ENTRY--TOPICAL TERM
Topical term or geographic name as entry element Semantics.
650 #7 - SUBJECT ADDED ENTRY--TOPICAL TERM
Topical term or geographic name as entry element LANGUAGE ARTS & DISCIPLINES / Linguistics / Semantics
Source of heading or term bisacsh.
650 #7 - SUBJECT ADDED ENTRY--TOPICAL TERM
Topical term or geographic name as entry element LANGUAGE ARTS & DISCIPLINES / Linguistics / General
Source of heading or term bisacsh.
906 ## - LOCAL DATA ELEMENT F, LDF (RLIN)
a 7
b cbc
c orignew
d 1
e ecip
f 20
g y-gencatlg
942 ## - ADDED ENTRY ELEMENTS (KOHA)
Source of classification or shelving scheme
Koha item type Book
Holdings
Withdrawn status Lost status Source of classification or shelving scheme Damaged status Not for loan Home library Current library Date acquired Source of acquisition Total Checkouts Total Renewals Full call number Barcode Date last seen Date checked out Copy number Price effective from Koha item type
          Riara University Library Riara University Library 24/10/2011 Purchase 10 4 P325.K34 2011 1598/11 14/01/2016 17/12/2015 C.1 24/10/2011 Book
          Riara University Library Riara University Library 24/10/2011 Purchase 3 2 P325.K34 2011 1597/11 04/10/2017 27/09/2017 C.2 24/10/2011 Book
          Riara University Library Riara University Library 24/10/2011 Purchase 4 2 P325.K34 2011 1599/11 27/11/2015 22/10/2015 C.3 24/10/2011 Book

Riara University Library,
P.O. Box 49940-00100,
Nairobi, Kenya.